书目信息 |
| 题名: |
元杂剧与古希腊戏剧叙事技巧比较研究
|
|
| 作者: | 胡健生 著 | |
| 分册: | ||
| 出版信息: | 北京 中国社会出版社 2014.4 |
|
| 页数: | 247页 | |
| 开本: | 24cm | |
| 丛书名: | ||
| 单 册: | ||
| 中图分类: | I207.37 | |
| 科图分类: | ||
| 主题词: | 杂剧--Za Ju--戏曲文学评论--元代 , 戏曲文学评论--Xi Qu Wen Xue Ping Lun | |
| 电子资源: | ||
| ISBN: | 978-7-5087-4657-9 | |
| 000 | 00981nam0 22002411 450 | |
| 001 | 349961 | |
| 005 | 20161010101925.62 | |
| 010 | @a978-7-5087-4657-9@dCNY46.00 | |
| 100 | @a20140812d2014 em y0chiy50 ea | |
| 101 | 0 | @achi |
| 102 | @aCN@b110000 | |
| 105 | @ay z 000yy | |
| 106 | @ar | |
| 200 | 1 | @a元杂剧与古希腊戏剧叙事技巧比较研究@AYuan Za Ju Yu Gu Xi La Xi Ju Xu Shi Ji Qiao Bi Jiao Yan Jiu@f胡健生著 |
| 210 | @a北京@c中国社会出版社@d2014.4 | |
| 215 | @a247页@d24cm | |
| 330 | @a本书从中西方古典戏剧互为参照的宏阔视野出发,运用比较对照的研究方法,滤取元杂剧与古希腊戏剧为具体研究对象,从“停叙”、“幕后戏”、“预叙”、“发现”与“突转”几个论题切入,以解读大量戏剧文本为依据,尝试就元杂剧与古希腊戏剧叙事技巧展开专题性的比较研究。 | |
| 606 | 0 | @a杂剧@AZa Ju@x戏曲文学评论@z元代 |
| 606 | 0 | @a戏曲文学评论@AXi Qu Wen Xue Ping Lun |
| 690 | @aI207.37@v5 | |
| 701 | 0 | @a胡健生@AHu Jian Sheng@4著 |
| 801 | 0 | @aCN@bTANGWEI@20160802 |
| 905 | @b0887630-4@dI207.37@e114@f5 | |
| 元杂剧与古希腊戏剧叙事技巧比较研究/胡健生著.-北京:中国社会出版社,2014.4 |
| 247页;24cm |
| ISBN 978-7-5087-4657-9:CNY46.00 |
| 本书从中西方古典戏剧互为参照的宏阔视野出发,运用比较对照的研究方法,滤取元杂剧与古希腊戏剧为具体研究对象,从“停叙”、“幕后戏”、“预叙”、“发现”与“突转”几个论题切入,以解读大量戏剧文本为依据,尝试就元杂剧与古希腊戏剧叙事技巧展开专题性的比较研究。 |
| ● |
| 相关链接 |
|
|
|
|
正题名:元杂剧与古希腊戏剧叙事技巧比较研究
索取号:I207.37/114
 
预约/预借
| 序号 | 登录号 | 条形码 | 馆藏地/架位号 | 状态 | 备注 |
| 1 | 0887630 | 208876304 | 第一样本阅览室/ [索取号:I207.37/114] | 在馆 | |
| 2 | 0887631 | 208876313 | 第二借阅区/ [索取号:I207.37/114] | 在馆 | |
| 3 | 0887632 | 208876322 | 第二借阅区/ [索取号:I207.37/114] | 在馆 | |
| 4 | 0887633 | 208876331 | 第二借阅区/ [索取号:I207.37/114] | 在馆 | |
| 5 | 0887634 | 208876340 | 第二借阅区/ [索取号:I207.37/114] | 在馆 |